000 00546cam a2200205 a 4500
001 2407663
005 20180302052051.0
008 870923s1987 nyua 001 0 eng
010 _a 86060631
020 _a0312071167 (pbk.)
040 _aDLC
_cDLC
_dDLC
041 _aeng
080 _a808.0427 KEN
082 0 0 _a808.0427 KEN
_220
100 1 _a25
101 _aEDU
245 1 4 _aThe Bedford guide for college writers /
_cX.J. Kennedy and Dorothy M. Kennedy.
906 _a7
_bcbc
_corignew
_d2
_eopcn
_f19
_gy-gencatlg
942 _2ddc
_cBK
999 _c43998
_d43998